| Tag |
First Indicator |
Second Indicator |
Subfields |
| LEADER |
00000cam a2200000Ia 4500 |
| 001 |
in00001694021 |
| 005 |
20151024142540.0 |
| 008 |
991115s1999 sp a b 001 0 spa d |
| 020 |
|
|
|a 8477386277 (General)
|
| 020 |
|
|
|a 8477386293 (Vol. II)
|
| 035 |
|
|
|a (OCoLC)ocm42891222
|
| 040 |
|
|
|a PL#
|b spa
|c PL#
|d OCLCQ
|d TXA
|d UtOrBLW
|
| 049 |
|
|
|a TXAM
|
| 090 |
|
|
|a BD515
|b .R56 1999 v. 2
|
| 100 |
1 |
|
|a Rioja, Ana,
|d 1962-
|
| 245 |
1 |
0 |
|a Teorías del universo.
|n Volumen II :
|b de Galileo a Newton /
|c Ana Rioja y Javier Ordóñez.
|
| 246 |
3 |
0 |
|a De Galileo a Newton
|
| 264 |
|
1 |
|a [Madrid] :
|b Editorial Síntesis,
|c [1999]
|
| 300 |
|
|
|a 287 pages :
|b illustrations ;
|c 22 cm.
|
| 336 |
|
|
|a text
|b txt
|2 rdacontent
|
| 337 |
|
|
|a unmediated
|b n
|2 rdamedia
|
| 338 |
|
|
|a volume
|b nc
|2 rdacarrier
|
| 490 |
1 |
|
|a Síntesis filosofía. [thémata] ;
|v 7
|
| 504 |
|
|
|a Includes bibliographical references (pages 279-284) and index.
|
| 650 |
|
0 |
|a Cosmology
|x History.
|
| 650 |
|
0 |
|a Astronomy
|x History.
|
| 600 |
1 |
0 |
|a Galilei, Galileo,
|d 1565-1642.
|
| 600 |
1 |
0 |
|a Newton, Isaac,
|d 1642-1727.
|
| 653 |
|
|
|a Galilei, Galileo, 1565-1642.
|
| 653 |
|
|
|a Newton, Isaac, 1642-1726.
|
| 653 |
|
|
|a Cosmología
|a Siglo XVII.
|
| 700 |
1 |
|
|a Ordóñez, Javier.
|
| 830 |
|
0 |
|a Síntesis filosofía.
|p Thémata ;
|v 7.
|
| 938 |
|
|
|a Puvill Libros
|b PUVL
|n 8477386293
|c $13.64
|
| 994 |
|
|
|a E0
|b TXA
|
| 948 |
|
|
|a cataloged
|b h
|c 2002/7/26
|d c
|e fpiscitelli
|f 5:02:13 pm
|
| 999 |
|
|
|a MARS
|
| 999 |
f |
f |
|s bdb014f0-e5da-3a67-b989-c85cda48d230
|i cfaa92da-bea4-3d42-b3f9-8a3c02139a5a
|t 0
|
| 952 |
f |
f |
|p ric
|a Texas A&M University
|b Rellis Campus
|c Joint Library Facility
|d Remote Storage
|t 0
|e BD515 .R56 1999 v.2
|h Library of Congress classification
|i unmediated -- volume
|m A14828998591
|
| 998 |
f |
f |
|a BD515 .R56 1999 v.2
|t 0
|l Remote Storage
|